000 01106nam2a2200265 4500
001 RU\NLR\bibl\1457887
005 20250615233947.0
010 _a978-5-88833-110-1
_bч. 2
010 _a978-5-9507-0945-6
_bч. 2
021 _aRU
_b2009-89691
_95647
035 _a(NLR Aleph) 001449672
090 _a1515080
_c1515080
100 _a20091225d2009 |||y0rusy50 ca
101 0 _arus
102 _aRU
105 _aa |||||||||
200 0 _aЧ. 2
215 _a79 с.
_cцв. ил.
320 _aБиблиогр.: с. 76-79 (56 назв.)
461 0 _1001RU\NLR\bibl\1467945
_12001#$aТайны близкие и далекие$vЧ. 2
_91575242
_aТрафимова, Г. В.
_cСамара
_d2009
_fГ.В. Трафимова
_nИздательский дом Федоров
_oкнига для чтения к курсу "Окружающий мир". : [для учащихся начальных классов : в 2 ч.]
_tТайны близкие и далекие
_y978-5-88833-111-8
_vЧ. 2
801 0 _aRU
_bNLR
_c20091225
_gRCR
801 1 _aRU
_bNLR
_c20091225
942 _cBOOK
980 _aNB